Quizzes
Events
Quiz Creation
Community
Videos
Private Events
Remove Ads
Sign In
Join for FREE
Feedback
Dark Mode
Quiz Categories
Sports
Geography
Music
Movies
Television
Just For Fun
Miscellaneous
History
Literature
Language
Science
Gaming
Entertainment
Religion
Holiday
For Kids
Quiz Lab
Recent
Popular Today
Quiz Kudos Today
Editor Picks
Curator Picks
Quizzes by...
Day
Popularity
Type
Ratings
Length
Year
Community
Subscriptions
Recent Discussions
Orange Saloon
Badges
Playlists
Quests
Create
Leaderboards
Showdown
Live 5
Trivia Bingo
Activity
Puzzle Library
Sporcle Events
Private Events
Virtual Trivia
Globe League
Become a Host
Pub Owners
SporcleCon
Opinionation
Our Games
Videos
Blog
Mobile Apps
Partnerships
Remove Ads and Go Orange
Feedback
Music
Pop Music
The Beatles
Song
Album
Lyrics
Bands
Singers
Artist
Clip
Rock
Rap
Classical
Billboard
Country Music
Kpop
Taylor Swift
Music
Pop Music
The Beatles
Song
Album
Lyrics
Bands
Singers
Artist
Clip
Rock
Rap
Classical
Billboard
Country Music
Kpop
Taylor Swift
Random Quiz
Search Sporcle
×
Quiz Lab
Quiz Lab
Music
Album
Type in answers that appear in a list
Type in answers that appear in a list
Classic
Best Score? Go Orange.
Top 20 Rappers Stats
Can you name the Top 20 Rappers IMO?
By
ag169908
10m
20 Questions
106 Plays
106 Plays
106 Plays
Comments
Comments
Give Quiz Kudos
Give Quiz Kudos
-
- Ratings
hide this ad
Replay
Link that replays current quiz
Next Quiz
Link to next quiz in quiz playlist
You Got
0%
They Got
Avg Score
54%
Avg Friend Score
Upgrade to see
Score Distribution
Jump to the score distribution portion of the page
Score
0/20
Timer
10:00
0
Plays Today
Albums
Name
% Correct
Slim Shady LP, Marshall Mathers LP, Encore
Eminem
97.2%
All Eyez on Me, Me Against the World, Better Dayz
2pac
92.5%
Doggystyle, Tha Doggfather, Da Game is to be Sold, Not to be Told
Snoop Dogg
89.6%
Ready to Die, Life After Death, Born Again
Notorious BIG
87.7%
Life & Times of S. Carter, Hard Knock Life, Black Album
Jay Z
86.8%
Illmatic, It Was Written, Stillmatic
Nas
84%
The Chronic, 2001, Detox
Dr. Dre
81.1%
Enter the Wu-
Tang(36 Chambers), Wu-
Tang Forever, The W
Wu-Tang Clan
77.4%
ATLiens, Stankonia, Aquemini
Outkast
67.9%
AmeriKKKs's Most Wanted, The Predator, Lethal Injection
Ice Cube
67%
Albums
Name
% Correct
18th Letter, Paid in Full, Seventh Seal
Eric B. & Rakim
42.5%
Regulate...G Funk Era, Take a Look Over Your Shoulder, The G Files
Warren G
38.7%
The Infamous, Hell on Earth, Murda Muzik
Mobb Deep
31.1%
Whut? Thee Album, Muddy Waters, Reggie
Redman
28.3%
Capital Punishment, Yeeeah Baby, Endangered Species
Big Pun
27.4%
Tical, Tical 2000, 4:21...The Day After
Method Man
27.4%
Resurrection, Be, Finding Forever
Common
23.6%
E 1999 Eternal, Art of War, Creepin On Ah Come Up
Bone Thugs n Harmony
19.8%
I Got Next, The Sneak Attack, Keep Right
KRS-One
14.2%
The World is Yours, The Diary, The Untouchable
Scarface
11.3%
Quiz Playlist
Details
Report
Send in Message
Add To Playlist
Classic:
Type in answers that appear in a list
Last Updated: Feb 16, 2017
Quiz Scoreboard
CHALLENGE
Sign Up to Join the Scoreboard
Show All
Scores
Hide
Comments
May contain spoilers
Recently Published
Billboard Blitz: Fleetwood Mac
by CooCooCachoo
Music
15s
Presidents Visiting Landmarks
by Hejman
History
7m
An Introduction to Baseball
by treessimontrees
Sports
5m
More to Explore
Quiz From the Vault
Featured Blog Post
Where Did the Easter Bunny Come From?
hide this ad
You Might Also Like...
Tags
Album Quiz
Rapper
Top 20
Today's Top Quizzes in Music
Browse Music
hide this ad
Today's Top Quizzes in Album
Browse Album
Top Contributed Quizzes in Music
1
Taylor Swift All Songs (2024)
2
Guess the Artist- 70s Songs
3
7-to-1: Billboard Hot 100 #1 Hits of 2010s
4
Sorting Albums and Songs
5
Taylor Swift Logic Puzzle
6
KPOP LOGIC QUIZ
7
2010s Album by Cover III
8
One Thing in Common: Music
9
Guess the Taylor Swift song (Mystery Song)
10
Guess The Taylor Swift Lyrics Song #1
Explore More
Trending Topics
Marvel
Disney
Kpop
NBA
Harry Potter
Crossword
Anime
Country
The Office
Pokémon
WWE
Soccer
Puzzle
NFL
Song
hide this ad
More By:
ag169908
Quiz
Plays
Rating
Category
Featured
Created
Random 20 Questions
250
3.60
Just For Fun
Nov 3, 2010
Sweetest Movie Quotes
214
2.14
Movies
Mar 17, 2010
Pro Sports Stars by Descriptions
199
3.00
Sports
Oct 26, 2010
Adam Sandler Movies
191
2.50
Movies
Jun 1, 2010
Top 20 Rappers
106
3.00
Music
Jan 26, 2012
Go to Creator's Profile
Score Distribution
Quiz Creator Spotlight
ag169908
Follow
Send a Message
Quizzes Created
-
Created Quiz Play Count
-
More By This Creator
Popular Quizzes Today
1
Find the US States - No Outlines Minefield
2
Find the Countries of Europe - No Outlines Minefield
3
The Countries of the World
4
Find the US States
5
US States
6
Risky Map Clicking: Biggest States A-Z
7
Popular People in 1961
8
Movies - When Are They Set?
More Music Quizzes
Finish the Title of Kpop Song (NCT U Ver.)
Quiz Lab
Trending Quizzes
Risky Map Clicking: Least Populous States A-Z
1-10 Letter G Words
1-10 Letter F Words
Risky Map Clicking: Next State Alphabetically
Risky Map Clicking: Biggest States A-Z
Recently Updated
Leaping Animals
pecheneg
Reality TV Shows (A-Z)
bhenderson79
Rickey Henderson's Hall of Fame Teammates
pecheneg
Champions League XIs: Arsenal
pecheneg
Quick Pick: Celebrities in WWE's Hall of Fame
aduchscher
A-Z Keypad Blitz II
pecheneg
Multiple Oscar Actors
pecheneg
Mystery Phrase Blitz: Oscar 'Best Actors'
pecheneg
F. Scott Fitzgerald Novels
LTH
Pick 3 Villains
ddd62291
Trending Topics
Kpop
NBA
Anime
Harry Potter
Marvel
Crossword
Disney
WWE
Country
Puzzle
The Office
NFL
Soccer
Pokémon
Song
Your Account Isn't Verified!
In order to create a playlist on Sporcle, you need to verify the email address you used during registration. Go to your
Sporcle Settings
to finish the process.
Report this User
Report this user for behavior that violates our
Community Guidelines
.
Details:
Send Report
Go to the Sporcle.com Mobile Site →
Comments